000 00463nam a2200181Ia 4500
001 23806
005 20260414151002.0
008 260414t2021||||xx |||||||||||||| ||spa||
041 _aESP
082 _a709.85
_bH41
100 _aHerring, Adam
_eAUT
245 0 _aArte y visión en el Imperio inca :
_bandinos y españoles en Cajamarca
260 _c2021
300 _a292 páginas :
_c24 cm.
650 _aABD
654 _aCAU
942 _cLIB
_dJUS
_fJUS
_2ddc
_n
999 _c23806
_d23806